Copa America Winners - Statistics

General Stats
  • This quiz has been taken 77 times
  • The average score is 20 of 47
Answer Stats
Year Winner % Correct
2021 Argentina
100%
2019 Brazil
100%
2016 Chile
89%
2015 Chile
82%
2007 Brazil
79%
2011 Uruguay
79%
2004 Brazil
75%
1999 Brazil
73%
1997 Brazil
70%
2001 Colombia
70%
1989 Brazil
66%
1995 Uruguay
64%
1993 Argentina
63%
1991 Argentina
63%
1987 Uruguay
57%
1983 Uruguay
48%
1979 Paraguay
41%
1975 Peru
38%
1967 Uruguay
36%
1959 Argentina
34%
1959 Uruguay
34%
1916 Uruguay
34%
1957 Argentina
32%
1963 Bolivia
32%
1955 Argentina
30%
1919 Brazil
30%
1956 Uruguay
30%
1922 Brazil
29%
1920 Uruguay
29%
1917 Uruguay
29%
1921 Argentina
27%
1923 Uruguay
27%
1949 Brazil
25%
1924 Uruguay
25%
1947 Argentina
23%
1946 Argentina
23%
1945 Argentina
23%
1941 Argentina
23%
1929 Argentina
23%
1927 Argentina
23%
1925 Argentina
23%
1942 Uruguay
23%
1935 Uruguay
23%
1926 Uruguay
23%
1937 Argentina
21%
1953 Paraguay
21%
1939 Peru
20%
No matching quizzes found
Score Distribution
Percent of People with Each Score
Percentile by Number Answered
Your Score History
You have not taken this quiz